[Event "SVK-ch U16/18 Girls"]
[Site "Stara Lubovna"]
[Date "2022.05.28"]
[Round "9"]
[White "Pechociakova, Petra"]
[Black "Kubikova, Nina"]
[Result "0-1"]
[WhiteElo "1160"]
[BlackElo "1486"]
[PlyCount "44"]
[EventDate "2022.05.21"]
[EventType "swiss"]
[EventRounds "9"]
[EventCountry "SVK"]
[SourceTitle "CBM 208 Extra"]
[Source "ChessBase"]
[SourceDate "2022.07.31"]
[SourceVersion "1"]
[SourceVersionDate "2022.07.31"]
[SourceQuality "1"]

1. e4 e5 2. Nf3 Nc6 3. Bb5 a6 4. Ba4 b5 5. Bb3 Nf6 6. d3 Be7 7. h3 d6 8. c3 0-0 9. Be3 d5 10. exd5 Nxd5 11. 0-0 Kh8 12. Re1 f5 13. g3 f4 14. gxf4 Nxf4 15. Bxf4 Rxf4 16. Nxe5 Nxe5 17. Rxe5 Bd6 18. Rh5 g6 19. Rd5 Bb7 20. Rd4 Qg5+ 21. Kf1 Qg2+ 22. Ke1 Qxf2# 0-1

[Event "SVK-ch U16/18 Girls"]
[Site "Stara Lubovna"]
[Date "2022.05.24"]
[Round "5"]
[White "Kubikova, Nina"]
[Black "Blahova, Daniela"]
[Result "1-0"]
[WhiteElo "1486"]
[BlackElo "1035"]
[PlyCount "51"]
[EventDate "2022.05.21"]
[EventType "swiss"]
[EventRounds "9"]
[EventCountry "SVK"]
[SourceTitle "CBM 208 Extra"]
[Source "ChessBase"]
[SourceDate "2022.07.31"]
[SourceVersion "1"]
[SourceVersionDate "2022.07.31"]
[SourceQuality "1"]

1. e4 c6 2. Nf3 d5 3. Nc3 Bg4 4. h3 Bh5 5. Be2 dxe4 6. Nxe4 e6 7. Ng3 Bxf3 8. Bxf3 Nf6 9. d4 Bd6 10. 0-0 Qc7 11. Qe1 Bxg3 12. fxg3 Qb6 13. c3 0-0 14. Qf2 Re8 15. Bg5 Nbd7 16. Be3 Qa6 17. g4 e5 18. g5 e4 19. Be2 Qb6 20. gxf6 Nxf6 21. Bc4 Rf8 22. Qg3 Nh5 23. Qg4 Nf6 24. Rxf6 Qxb2 25. Raf1 Qxc3 26. Rxf7 1-0

[Event "SVK-ch U16/18 Girls"]
[Site "Stara Lubovna"]
[Date "2022.05.23"]
[Round "3"]
[White "Bochnickova, Simona"]
[Black "Kubikova, Nina"]
[Result "1-0"]
[WhiteElo "1931"]
[BlackElo "1486"]
[PlyCount "31"]
[EventDate "2022.05.21"]
[EventType "swiss"]
[EventRounds "9"]
[EventCountry "SVK"]
[SourceTitle "CBM 208 Extra"]
[Source "ChessBase"]
[SourceDate "2022.07.31"]
[SourceVersion "1"]
[SourceVersionDate "2022.07.31"]
[SourceQuality "1"]

1. e4 e5 2. Nf3 Nc6 3. d4 exd4 4. Nxd4 Nf6 5. Nxc6 bxc6 6. Nc3 d6 7. Be2 Be6 8. 0-0 Nd7 9. f4 f5 10. exf5 Bxf5 11. Bh5+ g6 12. Re1+ Be7 13. Bf3 d5 14. Bxd5 Kf8 15. Bxc6 Rb8 16. g4 1-0

[Event "SVK-ch U16 Girls rapid"]
[Site "Nitra"]
[Date "2021.09.11"]
[Round "2"]
[White "Obrocnikova, Viktoria"]
[Black "Kubikova, Nina"]
[Result "0-1"]
[WhiteElo "1152"]
[BlackElo "1259"]
[PlyCount "38"]
[EventDate "2021.09.11"]
[EventType "swiss (rapid)"]
[EventRounds "7"]
[EventCountry "SVK"]
[SourceTitle "EXT 2023"]
[Source "ChessBase"]
[SourceDate "2022.10.05"]
[SourceVersion "1"]
[SourceVersionDate "2022.10.05"]
[SourceQuality "1"]

1. e4 e5 2. Nf3 Nc6 3. Bc4 Nf6 4. Nc3 Nxe4 5. Bxf7+ Kxf7 6. Nxe4 Be7 7. d3 Rf8 8. Nfg5+ Kg8 9. Qh5 h6 10. Nf3 d5 11. Nc3 Bf6 12. g4 Be6 13. g5 Bf7 14. g6 Be6 15. h3 Ne7 16. Bxh6 Bf5 17. Nh4 Bxh4 18. Qxh4 Nxg6 19. Qxd8 Raxd8 0-1

[Event "Skalica op-B"]
[Site "Skalica"]
[Date "2021.08.22"]
[Round "2"]
[White "Hyza, Michal"]
[Black "Kubikova, Nina"]
[Result "0-1"]
[WhiteElo "1000"]
[BlackElo "1390"]
[PlyCount "56"]
[EventDate "2021.08.21"]
[EventType "swiss"]
[EventRounds "9"]
[EventCountry "SVK"]
[SourceTitle "CBM 204 Extra"]
[Source "ChessBase"]
[SourceDate "2021.11.30"]
[SourceVersion "1"]
[SourceVersionDate "2021.11.30"]
[SourceQuality "1"]

1. g3 f5 2. Bg2 Nf6 3. Nf3 d6 4. 0-0 g6 5. b3 Bg7 6. Bb2 0-0 7. Nc3 Nc6 8. Re1 e5 9. e4 f4 10. gxf4 exf4 11. d4 Nh5 12. e5 Bg4 13. exd6 Qxd6 14. Nb5 Qd7 15. Qd3 a6 16. Ba3 axb5 17. Bxf8 Rxf8 18. h3 Bxh3 19. Ne5 Nxe5 20. Qxh3 Qxh3 21. Bxh3 Nf3+ 22. Kh1 Nxe1 23. Rxe1 Bxd4 24. Re7 Bxf2 25. Rxc7 b6 26. Kg2 Bc5 27. c3 f3+ 28. Kh2 Bd6+ 0-1

[Event "Skalica op-B"]
[Site "Skalica"]
[Date "2021.08.21"]
[Round "1"]
[White "Kubikova, Nina"]
[Black "Hrubsa, Marian"]
[Result "0-1"]
[WhiteElo "1390"]
[BlackElo "1782"]
[PlyCount "34"]
[EventDate "2021.08.21"]
[EventType "swiss"]
[EventRounds "9"]
[EventCountry "SVK"]
[SourceTitle "CBM 204 Extra"]
[Source "ChessBase"]
[SourceDate "2021.11.30"]
[SourceVersion "1"]
[SourceVersionDate "2021.11.30"]
[SourceQuality "1"]

1. e4 e6 2. d4 d5 3. Nc3 Nf6 4. Bg5 Be7 5. e5 Nfd7 6. Bxe7 Qxe7 7. f4 a6 8. Nf3 c5 9. Qd2 Nc6 10. dxc5 Nxc5 11. 0-0-0 b5 12. Nd4 Nxd4 13. Qxd4 Bb7 14. h4 Rc8 15. Rh3 Qc7 16. Bxb5+ axb5 17. Nxb5 Nb3+ 0-1

[Event "SVK-ch U16/20 Girls"]
[Site "Stara Lubovna"]
[Date "2021.06.26"]
[Round "1"]
[White "Kubikova, Nina"]
[Black "Sosovickova, Jana"]
[Result "0-1"]
[WhiteElo "1439"]
[BlackElo "1859"]
[PlyCount "46"]
[EventDate "2021.06.26"]
[EventType "swiss"]
[EventRounds "9"]
[EventCountry "SVK"]
[SourceTitle "CBM 203 Extra"]
[Source "ChessBase"]
[SourceDate "2021.09.30"]
[SourceVersion "1"]
[SourceVersionDate "2021.09.30"]
[SourceQuality "1"]

1. e4 e5 2. Nf3 Nc6 3. Nc3 Nf6 4. Bb5 Bb4 5. d3 d6 6. 0-0 h6 7. Nd5 Ba5 8. b4 Bb6 9. c3 0-0 10. Ne3 a5 11. bxa5 Nxa5 12. Bb2 Be6 13. Nh4 Nxe4 14. dxe4 Qxh4 15. Qf3 Bxe3 16. Qxe3 Nc4 17. Bxc4 Bxc4 18. Rfe1 Bxa2 19. Bc1 Ra6 20. Re2 Bc4 21. Rxa6 Bxa6 22. Ra2 f5 23. exf5 Qc4 0-1

[Event "Skalica Schaeffler op"]
[Site "Skalica"]
[Date "2020.08.26"]
[Round "5"]
[White "Kubikova, Nina"]
[Black "Rosol, Philip"]
[Result "0-1"]
[WhiteElo "1256"]
[BlackElo "1468"]
[PlyCount "86"]
[EventDate "2020.08.23"]
[EventType "swiss"]
[EventRounds "9"]
[EventCountry "SVK"]
[SourceTitle "CBM 198 Extra"]
[Source "ChessBase"]
[SourceDate "2020.11.30"]
[SourceVersion "1"]
[SourceVersionDate "2020.11.30"]
[SourceQuality "1"]

1. e4 d6 2. d4 Nf6 3. Nc3 e5 4. Nf3 Nbd7 5. Bc4 Be7 6. 0-0 0-0 7. h3 c6 8. a4 a5 9. Be3 Qc7 10. Re1 b6 11. Qd2 Bb7 12. Rad1 Rad8 13. Bd3 Rfe8 14. Ne2 Bf8 15. Ng3 g6 16. Bh6 Bg7 17. Qg5 Bxh6 18. Qxh6 exd4 19. Nxd4 Kh8 20. f4 Rg8 21. Nf3 Rg7 22. e5 dxe5 23. Nxe5 Nxe5 24. Rxe5 Re8 25. Nf5 Rgg8 26. Rde1 Rxe5 27. Rxe5 Nd5 28. Nh4 Qd6 29. Nf5 Qf6 30. Ng3 Qxf4 31. Qxf4 Nxf4 32. Bc4 Nd5 33. Bxd5 cxd5 34. Re7 Bc6 35. b3 Kg7 36. Rc7 Ba8 37. Rd7 Rc8 38. Rd6 Rxc2 39. Rd8 Bc6 40. Rc8 d4 41. Ne2 d3 42. Rxc6 Rxc6 43. Nd4 d2 0-1

[Event "Skalica Schaeffler op"]
[Site "Skalica"]
[Date "2020.08.25"]
[Round "4"]
[White "Kubikova, Nina"]
[Black "Sperat Czar, Nicolas1111"]
[Result "0-1"]
[WhiteElo "1256"]
[BlackElo "1737"]
[PlyCount "34"]
[EventDate "2020.08.23"]
[EventType "swiss"]
[EventRounds "9"]
[EventCountry "SVK"]
[SourceTitle "CBM 198 Extra"]
[Source "ChessBase"]
[SourceDate "2020.11.30"]
[SourceVersion "1"]
[SourceVersionDate "2020.11.30"]
[SourceQuality "1"]

1. e4 e6 2. d4 d5 3. Nc3 Bb4 4. Nge2 Nf6 5. e5 Ne4 6. Bd2 Nxd2 7. Qxd2 0-0 8. a3 Be7 9. f4 c5 10. g3 Nc6 11. 0-0-0 a6 12. Na4 c4 13. h4 b5 14. Nc5 Qb6 15. Qe3 Nxd4 16. Qxd4 Bxc5 17. Qd2 Be3 0-1

[Event "Skalica Schaeffler op"]
[Site "Skalica"]
[Date "2020.08.24"]
[Round "3"]
[White "Hrubsa, Marian"]
[Black "Kubikova, Nina"]
[Result "0-1"]
[WhiteElo "1862"]
[BlackElo "1256"]
[PlyCount "130"]
[EventDate "2020.08.23"]
[EventType "swiss"]
[EventRounds "9"]
[EventCountry "SVK"]
[SourceTitle "CBM 198 Extra"]
[Source "ChessBase"]
[SourceDate "2020.11.30"]
[SourceVersion "1"]
[SourceVersionDate "2020.11.30"]
[SourceQuality "1"]

1. e4 e5 2. Nf3 Nc6 3. Bb5 a6 4. Bxc6 dxc6 5. 0-0 Bg4 6. h3 Bh5 7. g4 Bg6 8. Nxe5 Qh4 9. Qf3 Bd6 10. Nxg6 hxg6 11. Kg2 0-0-0 12. d4 f6 13. Rh1 Ne7 14. Be3 Rdf8 15. Qe2 f5 16. f3 Bg3 17. Nd2 Rh7 18. Bg5 Qxg5 19. Kxg3 Qh4+ 20. Kg2 Rfh8 21. Qf2 Qf6 22. e5 Qe6 23. c4 c5 24. Nb3 cxd4 25. Nxd4 Qxe5 26. Rae1 Qc5 27. b3 Nc6 28. Nxc6 Qxc6 29. Qa7 fxg4 30. Re3 gxh3+ 31. Kf2 Qd6 32. Qa8+ Kd7 33. Qxb7 Qd2+ 34. Re2 Qd4+ 35. Kf1 Qd1+ 36. Kf2 Qd4+ 37. Ke1 Re8 38. Rxe8 Kxe8 39. Qe4+ Qxe4+ 40. fxe4 Ke7 41. Kf2 Ke6 42. Kg3 h2 43. Kf4 Rh6 44. b4 c6 45. a4 g5+ 46. Kxg5 Ke5 47. b5 cxb5 48. cxb5 axb5 49. a5 Kxe4 50. a6 Rxa6 51. Rxh2 Rb6 52. Re2+ Kd3 53. Re7 g6 54. Kf4 b4 55. Rd7+ Kc2 56. Rc7+ Kb1 57. Ke3 b3 58. Kd2 b2 59. Ra7 Rd6+ 60. Ke2 Rd5 61. Ke3 g5 62. Ke4 Rc5 63. Kd4 Rc2 64. Rh7 Rd2+ 65. Ke3 Kc1 0-1

[Event "Drienica Saris op"]
[Site "Drienica"]
[Date "2020.08.11"]
[Round "5"]
[White "Kubikova, Nina"]
[Black "Furman, Slavomir"]
[Result "0-1"]
[WhiteElo "1256"]
[BlackElo "1725"]
[PlyCount "64"]
[EventDate "2020.08.07"]
[EventType "swiss"]
[EventRounds "9"]
[EventCountry "SVK"]
[SourceTitle "CBM 197 Extra"]
[Source "ChessBase"]
[SourceDate "2020.09.30"]
[SourceVersion "1"]
[SourceVersionDate "2020.09.30"]
[SourceQuality "1"]

1. e4 e6 2. d4 d5 3. e5 c5 4. c3 Nc6 5. Nf3 Bd7 6. Be2 cxd4 7. cxd4 Nge7 8. Nc3 a6 9. a4 Qb6 10. Rb1 Nf5 11. Be3 Be7 12. 0-0 0-0 13. Bd3 Nxe3 14. fxe3 f6 15. Nh4 Be8 16. Qg4 Nb4 17. Bf5 Bf7 18. Rf3 fxe5 19. dxe5 h5 20. Qg3 Bxh4 21. Qxh4 exf5 22. Rxf5 Bg6 23. Rxf8+ Rxf8 24. Re1 a5 25. Qh3 d4 26. exd4 Qxd4+ 27. Kh1 Nd3 28. Qe6+ Kh7 29. Qd6 Nf2+ 30. Kg1 Nh3+ 31. Kh1 Qg1+ 32. Rxg1 Nf2# 0-1

[Event "EU-ch U14 Girls"]
[Site "Bratislava"]
[Date "2019.08.04"]
[Round "3"]
[White "Lindstad, Livia"]
[Black "Kubikova, Nina"]
[Result "1-0"]
[WhiteElo "1504"]
[BlackElo "1248"]
[PlyCount "55"]
[EventDate "2019.08.02"]
[EventType "swiss"]
[EventRounds "9"]
[EventCountry "SVK"]
[SourceTitle "EXT 2020"]
[Source "ChessBase"]
[SourceDate "2019.10.17"]
[SourceVersion "1"]
[SourceVersionDate "2019.10.17"]
[SourceQuality "1"]

1. Nf3 Nc6 2. c4 e5 3. Nc3 Nf6 4. d3 d5 5. Bg5 Be7 6. Bxf6 gxf6 7. Nxd5 Bc5 8. a3 a5 9. g3 Be6 10. Nc3 Ne7 11. Ne4 Bd4 12. Nxf6+ Kf8 13. Nxd4 exd4 14. Qd2 Nf5 15. Ne4 Qe7 16. Bg2 c6 17. 0-0 Ke8 18. b4 axb4 19. Qxb4 Qxb4 20. axb4 Ke7 21. Nc5 Nd6 22. Ra5 Bf5 23. Nxb7 Nxb7 24. Rxf5 Ra2 25. Bxc6 Nd6 26. Re5+ Kf6 27. f4 Rc8 28. b5 1-0

[Event "EU-ch U14 Girls"]
[Site "Bratislava"]
[Date "2019.08.02"]
[Round "1"]
[White "Barwinska, Ewa"]
[Black "Kubikova, Nina"]
[Result "1-0"]
[WhiteElo "1736"]
[BlackElo "1248"]
[PlyCount "47"]
[EventDate "2019.08.02"]
[EventType "swiss"]
[EventRounds "9"]
[EventCountry "SVK"]
[SourceTitle "EXT 2020"]
[Source "ChessBase"]
[SourceDate "2019.10.17"]
[SourceVersion "1"]
[SourceVersionDate "2019.10.17"]
[SourceQuality "1"]

1. e4 e5 2. Nf3 Nc6 3. Bb5 Nf6 4. 0-0 Nxe4 5. d4 Nd6 6. Bxc6 bxc6 7. dxe5 Nf5 8. Qd3 d6 9. exd6 Qxd6 10. Qe4+ Be7 11. Bf4 Qf6 12. Bxc7 Bd7 13. Nc3 0-0 14. Rad1 Qe6 15. Qxe6 Bxe6 16. Be5 Bb4 17. a3 Bxc3 18. Bxc3 Rab8 19. Ne5 Bd5 20. Nd7 Rxb2 21. Bxb2 Rd8 22. Ne5 Rb8 23. c4 Rxb2 24. cxd5 1-0

[Event "SVK-ch U14 Girls"]
[Site "Liptovsky Mikulas"]
[Date "2019.04.28"]
[Round "7"]
[White "Kubikova, Nina"]
[Black "Dubanova, Kristina"]
[Result "1-0"]
[WhiteElo "1201"]
[BlackElo "1069"]
[PlyCount "51"]
[EventDate "2019.04.23"]
[EventType "swiss"]
[EventRounds "9"]
[EventCountry "SVK"]
[SourceTitle "CBM 190 Extra"]
[Source "ChessBase"]
[SourceDate "2019.07.15"]
[SourceVersion "1"]
[SourceVersionDate "2019.07.15"]
[SourceQuality "1"]

1. e4 e5 2. Nf3 Nc6 3. Bb5 a6 4. Ba4 b5 5. Bb3 Nf6 6. d3 Bc5 7. 0-0 d6 8. Nc3 Bb7 9. Qe2 0-0 10. Bg5 h6 11. Bh4 Na5 12. Bd5 c6 13. Bb3 Nxb3 14. axb3 Bb6 15. Nd1 c5 16. c4 b4 17. Ne3 Qe7 18. Ng4 Kh7 19. Bxf6 gxf6 20. Qe3 Bd8 21. Qxh6+ Kg8 22. Nh4 Bc8 23. Ne3 Be6 24. Nhf5 Bxf5 25. Nxf5 Qd7 26. Qg7# 1-0

[Event "SVK-ch U12 Girls"]
[Site "Liptovsky Mikulas"]
[Date "2018.04.22"]
[Round "2"]
[White "Kubikova, Nina"]
[Black "Zetocha, Adela"]
[Result "1-0"]
[WhiteElo "1241"]
[BlackElo "1286"]
[PlyCount "97"]
[EventDate "2018.04.21"]
[EventType "swiss"]
[EventRounds "7"]
[EventCountry "SVK"]
[SourceTitle "CBM 184 Extra"]
[Source "ChessBase"]
[SourceDate "2018.06.28"]
[SourceVersion "1"]
[SourceVersionDate "2018.06.28"]
[SourceQuality "1"]

1. e4 e5 2. Nf3 Nc6 3. Bc4 Nf6 4. d4 exd4 5. e5 d5 6. Bb5 Ne4 7. Nxd4 Bd7 8. Bxc6 bxc6 9. 0-0 Bc5 10. Be3 Bb6 11. f3 Ng5 12. f4 Ne4 13. Nd2 c5 14. Ne2 d4 15. Nxe4 dxe3 16. c4 Bg4 17. Qc2 0-0 18. Rad1 Qc8 19. Rd3 Be6 20. b3 Bf5 21. Rxe3 Qb7 22. N2c3 Rad8 23. Nd5 c6 24. Nef6+ gxf6 25. Nxf6+ Kg7 26. Qxf5 Rh8 27. Rg3+ Kf8 28. Nxh7+ Ke8 29. e6 Qe7 30. Nf6+ Kf8 31. Ne4 Qxe6 32. Qxe6 fxe6 33. Rg6 Re8 34. Rf3 Ke7 35. f5 exf5 36. Rxf5 Kd8 37. Nf6 Ref8 38. g4 Rf7 39. Rg8+ Rxg8 40. Nxg8 Rxf5 41. gxf5 Ke8 42. Nh6 Bd8 43. Ng4 Kf7 44. Kf2 Ke7 45. h4 Kd6 46. h5 Ke7 47. h6 Kf7 48. Kf3 a6 49. Ke4 1-0

[Event "SVK-ch U12 Girls"]
[Site "Liptovsky Mikulas"]
[Date "2018.04.21"]
[Round "1"]
[White "Kovarikova, Maria"]
[Black "Kubikova, Nina"]
[Result "1-0"]
[WhiteElo "1707"]
[BlackElo "1241"]
[PlyCount "99"]
[EventDate "2018.04.21"]
[EventType "swiss"]
[EventRounds "7"]
[EventCountry "SVK"]
[SourceTitle "CBM 184 Extra"]
[Source "ChessBase"]
[SourceDate "2018.06.28"]
[SourceVersion "1"]
[SourceVersionDate "2018.06.28"]
[SourceQuality "1"]

1. e4 e5 2. Nf3 Nc6 3. d4 exd4 4. c3 d3 5. Bxd3 d6 6. 0-0 Be7 7. Nd4 Be6 8. Nxe6 fxe6 9. Qg4 Qd7 10. Qxg7 0-0-0 11. Bb5 Bf6 12. Qg4 Re8 13. Be3 a6 14. Ba4 b5 15. Bb3 Bd8 16. Nd2 Nf6 17. Qe2 Rhg8 18. a4 Qg7 19. g3 Ng4 20. axb5 axb5 21. Qxb5 Kd7 22. Ba4 Ke7 23. Qxc6 Ne5 24. Qb5 h5 25. Bd4 Qg5 26. Bxe5 dxe5 27. Qd7+ Kf6 28. Kh1 Re7 29. Qd3 Reg7 30. f4 Qg4 31. fxe5+ Kg6 32. Rf4 Qh3 33. Rh4 Qxh4 34. gxh4 Bxh4 35. Rg1+ Kh6 36. Rxg7 Rxg7 37. Nf3 Bf2 38. Qd2+ Kh7 39. Qxf2 Rf7 40. Qh4 Kh6 41. Qg5+ Kh7 42. Qxh5+ Kg7 43. Be8 Rf8 44. Qg6+ Kh8 45. Qh6+ Kg8 46. Qxe6+ Kh8 47. Ng5 Rf1+ 48. Kg2 Rf8 49. Qh6+ Kg8 50. Qh7# 1-0

[Event "Liptovsky Mikulas V4 U11 op"]
[Site "Liptovsky Mikulas"]
[Date "2017.06.25"]
[Round "9"]
[White "Kubikova, Nina"]
[Black "Bakalarz, Adrian"]
[Result "1-0"]
[WhiteElo "1259"]
[BlackElo "1039"]
[PlyCount "65"]
[EventDate "2017.06.22"]
[EventType "swiss"]
[EventRounds "9"]
[EventCountry "SVK"]
[SourceTitle "CBM 179 Extra"]
[Source "ChessBase"]
[SourceDate "2017.08.23"]
[SourceVersion "1"]
[SourceVersionDate "2017.08.23"]
[SourceQuality "1"]

1. e4 d5 2. Nf3 dxe4 3. Ne5 Nc6 4. Bb5 Bd7 5. Bxc6 Bxc6 6. Nc3 Nf6 7. 0-0 Qd6 8. Ng4 Nd7 9. Re1 f5 10. Ne3 g6 11. Nc4 Qd4 12. b3 e6 13. Bb2 0-0-0 14. Ne2 Qc5 15. Bxh8 e5 16. d4 exd3 17. Qxd3 Bd6 18. Bg7 e4 19. Qh3 Be5 20. Nxe5 Nxe5 21. Bxe5 Qxe5 22. Rad1 Re8 23. Qg3 Qe6 24. Nd4 Qf6 25. Nxc6 Qxc6 26. Qh4 h5 27. Re2 Qb6 28. Red2 c6 29. Qf6 e3 30. Re2 exf2+ 31. Rxf2 Re2 32. Rd8+ Kc7 33. Qd6# 1-0

[Event "Liptovsky Mikulas V4 U11 op"]
[Site "Liptovsky Mikulas"]
[Date "2017.06.24"]
[Round "6"]
[White "Kubikova, Nina"]
[Black "Holestiakova, Nina"]
[Result "1-0"]
[WhiteElo "1259"]
[BlackElo "1043"]
[PlyCount "53"]
[EventDate "2017.06.22"]
[EventType "swiss"]
[EventRounds "9"]
[EventCountry "SVK"]
[SourceTitle "CBM 179 Extra"]
[Source "ChessBase"]
[SourceDate "2017.08.23"]
[SourceVersion "1"]
[SourceVersionDate "2017.08.23"]
[SourceQuality "1"]

1. e4 e5 2. Nf3 Nc6 3. Nc3 Nf6 4. Bb5 Bc5 5. Nxe5 Nxe5 6. d4 Bd6 7. dxe5 Bxe5 8. 0-0 h6 9. f4 Bd6 10. e5 Bc5+ 11. Kh1 Ng8 12. Qd3 Ne7 13. Be3 Bxe3 14. Qxe3 0-0 15. Rad1 c6 16. Bc4 b6 17. Bd3 Bb7 18. Qe4 Ng6 19. f5 Nh8 20. Rf3 Re8 21. Rg3 Kf8 22. Rxg7 Qc7 23. Qg4 Ke7 24. f6+ Kd8 25. Bf5 Bc8 26. e6 d6 27. e7+ 1-0

[Event "SVK-ch U12 Girls"]
[Site "Liptovsky Mikulas"]
[Date "2017.04.28"]
[Round "9"]
[White "Subjakova, Kristina"]
[Black "Kubikova, Nina"]
[Result "1-0"]
[WhiteElo "1555"]
[BlackElo "1127"]
[PlyCount "107"]
[EventDate "2017.04.22"]
[EventType "swiss"]
[EventRounds "9"]
[EventCountry "SVK"]
[SourceTitle "CBM 178 Extra"]
[Source "ChessBase"]
[SourceDate "2017.06.22"]
[SourceVersion "1"]
[SourceVersionDate "2017.06.22"]
[SourceQuality "1"]

1. f4 Nc6 2. Nf3 d5 3. d4 Bf5 4. b3 Nf6 5. e3 e6 6. Be2 Bd6 7. 0-0 0-0 8. h3 Ne4 9. Kh2 Qf6 10. g4 Bg6 11. c4 dxc4 12. Bxc4 Rad8 13. Bb2 Rfe8 14. Kg2 h6 15. Qe1 Bh7 16. Nbd2 g5 17. fxg5 hxg5 18. Ne5 Qg7 19. Nxf7 Rd7 20. Nxd6 Rxd6 21. Nxe4 Bxe4+ 22. Kh2 a6 23. Qf2 Rf8 24. Qxf8+ Qxf8 25. Rxf8+ Kxf8 26. Ba3 Ke7 27. Bxd6+ cxd6 28. a3 d5 29. Be2 e5 30. dxe5 Nxe5 31. Rc1 Nc6 32. Bxa6 d4 33. Bxb7 d3 34. Rd1 Kd6 35. b4 Kc7 36. Ba8 Bg6 37. e4 Ne5 38. Bd5 Kb6 39. a4 Be8 40. b5 Ka5 41. Kg2 Kb6 42. Kf2 Kc5 43. Ke3 Kb6 44. Kd4 Nf3+ 45. Kxd3 Ne5+ 46. Kc3 Ka5 47. Rf1 Kxa4 48. b6 Bc6 49. Bxc6+ Nxc6 50. Rb1 Ka5 51. b7 Ka6 52. b8Q Nxb8 53. Rxb8 Ka7 54. Rb1 1-0